MDQL
is popping MORE tags! Check the
thread
!
Quizzes
Events
Quiz Creation
Community
Videos
Private Events
Remove Ads
Sign In
Join for FREE
Feedback
Dark Mode
Quiz Categories
Sports
Geography
Music
Movies
Television
Just For Fun
Miscellaneous
History
Literature
Language
Science
Gaming
Entertainment
Religion
Holiday
For Kids
Quiz Lab
Recent
Popular Today
Quiz Kudos Today
Editor Picks
Curator Picks
Quizzes by...
Day
Popularity
Type
Ratings
Length
Year
Community
Subscriptions
Recent Discussions
Orange Saloon
Badges
Playlists
Quests
Create
Leaderboards
Showdown
Live 5
Trivia Bingo
Activity
Puzzle Library
Sporcle Events
Private Events
Virtual Trivia
Globe League
Become a Host
Pub Owners
SporcleCon
Opinionation
Our Games
Videos
Blog
Mobile Apps
Partnerships
Remove Ads and Go Orange
Feedback
Miscellaneous
Crossword
General Knowledge
Baby Names
Logo
Food
Cars
Numbers
Grab Bag
University
College
Popular
Company
Slogans
Restaurants
Justice
Letter
Miscellaneous
Crossword
General Knowledge
Baby Names
Logo
Food
Cars
Numbers
Grab Bag
University
College
Popular
Company
Slogans
Restaurants
Justice
Letter
Random Quiz
Search Sporcle
×
Quiz Lab
Quiz Lab
Miscellaneous
Letter
Type in answers that appear in a list
Type in answers that appear in a list
Classic
Best Score? Go Orange.
3-Letter Words A-Z Stats
Can you name the 3-letter word in each category beginning with each letter of the alphabet?
By
slipkid
3m
26 Questions
294 Plays
294 Plays
294 Plays
Comments
Comments
Give Quiz Kudos
Give Quiz Kudos
-
- Ratings
hide this ad
Replay
Link that replays current quiz
Next Quiz
Link to next quiz in quiz playlist
You Got
0%
They Got
Avg Score
69%
Avg Friend Score
Upgrade to see
Score Distribution
Jump to the score distribution portion of the page
Score
0/26
Timer
03:00
0
Plays Today
Letter
3-Letter Word
% Correct
A
Ant
95.6%
D
Dad
94.2%
G
Gat, Gun
93.5%
C
Cat, Cow
92.9%
L
Leg, Lip
91.8%
H
Hat
87.8%
W
Who, Why
86.7%
R
Red
85.7%
O
Oat
85%
F
Fig
79.3%
S
Saw
77.9%
T
Tin
77.9%
B
Bus
75.9%
Letter
3-Letter Word
% Correct
P
Pug
71.8%
N
Ned
67.7%
E
Emu
64.6%
Q
Qat, Qis, Qua
64.6%
I
I’ll, It’s, I’ve
63.9%
Z
Zag, Zap, Zig, Zip
62.6%
V
Val, Vic, Viv
60.2%
Y
Yew
57.1%
U
Uke
50.3%
K
Koi
46.6%
M
Mew, Mr. Muk
26.5%
J
Jin
25.9%
X
XTC
16%
Quiz Playlist
Details
Report
Send in Message
Add To Playlist
Classic:
Type in answers that appear in a list
Last Updated: Feb 16, 2017
Quiz Scoreboard
CHALLENGE
Sign Up to Join the Scoreboard
Show All
Scores
Hide
Comments
May contain spoilers
Recently Published
Holiday 10x10 Sorting Gallery
by lukepisani3
Holiday
15m
Two Season TV Shows II
by 123Four
Television
10m
Image Sorting: Flags VI
by Barbecue
Geography
2m
More to Explore
Quiz From the Vault
Featured Blog Post
14 Easter Pick-up Lines to Find Eggs With
hide this ad
You Might Also Like...
Tags
Letter Quiz
3-letter
A-Z
Category
Today's Top Quizzes in Miscellaneous
Browse Miscellaneous
hide this ad
Today's Top Quizzes in Letter
Browse Letter
Top Contributed Quizzes in Miscellaneous
1
The JOE quick-fire general knowledge quiz: Day 174
2
9x9 Crossword: Disney Movie Titles
3
The JOE quick-fire general knowledge quiz: Day 173
4
5-to-1: Fast Food
5
9x9 Crossword: Charlie and the Chocolate Factory
6
9x9 Crossword: The Simpsons
7
9x9 Crossword: Flags
8
9x9 Crossword: Actors
9
9x9 Crossword: 2022 Movies
10
9x9 Crossword: Pixar Movie Titles
Explore More
Trending Topics
Disney
Anime
Crossword
Harry Potter
NBA
Marvel
Kpop
NFL
Pokémon
The Office
WWE
Soccer
Country
Puzzle
Song
hide this ad
More By:
slipkid
Quiz
Plays
Rating
Category
Featured
Created
Simple Math Minefield
866,753
4.20
Science
Oct 6, 2011
Fifty Famous Figures
377,754
4.51
History
Jan 25, 2013
Rhymes with 'Jump'
304,214
4.39
Language
May 26, 2013
Rhymes with 'Sound'
292,063
4.71
Language
Oct 31, 2011
Harry, Hunger or Twilight?
283,863
4.42
Literature
Oct 30, 2011
Go to Creator's Profile
Score Distribution
Quiz Creator Spotlight
slipkid
Follow
Send a Message
Quizzes Created
-
Created Quiz Play Count
-
More By This Creator
Popular Quizzes Today
1
Find the US States - No Outlines Minefield
2
Colored Red Africa Blitz
3
Find the 'City' Movie
4
The Countries of the World
5
5x2 Blitz: Bands
6
Find the US States
7
Find the Countries of Europe - No Outlines Minefield
8
US States
More Miscellaneous Quizzes
It Might as Well Be a Crossword
Editor's Pick
Trending Quizzes
Colored Red Europe Blitz I
Colored Red Europe Blitz II
Colored Red Africa Blitz II
Colored Red Europe Blitz III
Colored Red Africa Blitz III
Recently Updated
Odd Team Out - Big 4 Players
pecheneg
Quick Pick: 20 Twenties
pecheneg
March Madness Men's Triple Doubles
pecheneg
How Do You Spell That?
pecheneg
Godzilla Movies
pecheneg
Grab Bag: 4-10 Letters
pecheneg
2024 March Madness Bracket
pecheneg
Famous TV Couples
Peacemaker
Champions League XIs: Real Madrid
pecheneg
Largest US Cities 1790-2010
pecheneg
Trending Topics
Marvel
Crossword
Anime
Kpop
NBA
Disney
Harry Potter
Pokémon
NFL
WWE
The Office
Song
Puzzle
Soccer
Country
Your Account Isn't Verified!
In order to create a playlist on Sporcle, you need to verify the email address you used during registration. Go to your
Sporcle Settings
to finish the process.
Report this User
Report this user for behavior that violates our
Community Guidelines
.
Details:
Send Report
Go to the Sporcle.com Mobile Site →
Comments